[Event "43. Olimpiada Batumi 2018 Femenina"]
[Site "Batumi GEO"]
[Date "2018.09.30"]
[Round "6.2"]
[White "Bwalya Mulwale, Lubuuto"]
[Black "Efentakis, Katina"]
[Result "1-0"]
[WhiteElo "1607"]
[BlackElo "1451"]
[PlyCount "105"]
[EventDate "2018.09.24"]
[EventType "team-swiss"]
[EventRounds "11"]
[EventCountry "GEO"]
[SourceTitle "Ajedrez en Madrid"]
[Source "lmi"]
[SourceDate "2018.09.24"]
[WhiteTeam "Zambia"]
[BlackTeam "Mozambique"]
[WhiteTeamCountry "ZAM"]
[BlackTeamCountry "MOZ"]

1. d4 d5 2. c4 e6 3. e3 Nf6 4. Nf3 Bb4+ 5. Bd2 Bxd2+ 6. Nbxd2 Nc6 7. Be2 O-O 8.
O-O Re8 9. a3 a5 10. Qc2 h6 11. Rfc1 Bd7 12. Nb3 Re7 13. Nc5 Qc8 14. Bd3 Be8
15. cxd5 exd5 16. Rab1 b6 17. Bf5 Qb8 18. Nd3 g6 19. Bh3 Qb7 20. Nde5 Nd8 21.
g3 Kg7 22. b4 a4 23. Nd2 b5 24. Bg2 Ra6 25. e4 c6 26. exd5 Nxd5 27. Ne4 Qc7 28.
Bf1 Rb6 29. Nc3 Nxc3 30. Qxc3 Kh7 31. Qf3 Ne6 32. Qd3 Nxd4 33. Nxg6 fxg6 34.
Qxd4 Rb8 35. Rc5 Qd7 36. Qc3 Rb6 37. Rc1 Qd6 38. Bg2 Re6 39. Qf3 Rf6 40. Qe3
Qe6 41. Re5 Qd6 42. Rxe8 Ra6 43. Qe7+ Qxe7 44. Rxe7+ Kg8 45. Rc7 Rd6 46. Bxc6
Rb6 47. Be4 Re6 48. Bd5 Kf8 49. Bxe6 Rxe6 50. Rb7 Re5 51. Rc8+ Re8 52. Rxe8+
Kxe8 53. Rxb5 1-0

[Event "43. Olimpiada Batumi 2018 Femenina"]
[Site "Batumi GEO"]
[Date "2018.09.30"]
[Round "6.3"]
[White "Jefo, Suzete Vicente"]
[Black "Simenda, Daisy"]
[Result "0-1"]
[WhiteElo "1379"]
[BlackElo "1509"]
[PlyCount "120"]
[EventDate "2018.09.24"]
[EventType "team-swiss"]
[EventRounds "11"]
[EventCountry "GEO"]
[SourceTitle "Ajedrez en Madrid"]
[Source "lmi"]
[SourceDate "2018.09.24"]
[WhiteTeam "Mozambique"]
[BlackTeam "Zambia"]
[WhiteTeamCountry "MOZ"]
[BlackTeamCountry "ZAM"]

1. d4 Nf6 2. Bf4 d5 3. Nf3 e6 4. e3 Nh5 5. Bd3 Nxf4 6. exf4 c5 7. Bb5+ Nd7 8.
Bxd7+ Bxd7 9. O-O c4 10. b3 b5 11. bxc4 bxc4 12. c3 Be7 13. Re1 O-O 14. Ne5 Be8
15. Nd2 Bd6 16. Ndf3 Qc8 17. g3 f6 18. Ng4 Bh5 19. Nd2 f5 20. Nf6+ Rxf6 21.
Qxh5 Rg6 22. Kh1 Bxf4 23. gxf4 Qc7 24. Re5 Rf8 25. Qe2 Rff6 26. Nf3 Rh6 27. Rg1
Qb6 28. Ng5 Kf8 29. Re1 Ke7 30. Rxd5 Qc6 31. Qf3 Rfg6 32. Rde5 Qxf3+ 33. Nxf3
Rh3 34. Ng5 Rxc3 35. Rxe6+ Rxe6 36. Rxe6+ Kd7 37. Kg2 h6 38. Re5 hxg5 39. fxg5
g6 40. Rc5 Rc1 41. Kf3 c3 42. h4 c2 43. Kg2 a5 44. Kf3 a4 45. a3 Kd6 46. Kg2
Ke6 47. Kf3 Ra1 48. Rxc2 Rxa3+ 49. Kg2 Rd3 50. Rc4 a3 51. Ra4 f4 52. Kf1 Rd1+
53. Ke2 Ra1 54. f3 a2 55. Ra5 Rh1 56. Rxa2 Rh2+ 57. Kd3 Rxa2 58. Ke4 Rh2 59.
Kxf4 Rxh4+ 60. Ke3 Kd5 0-1

[Event "43. Olimpiada Batumi 2018 Femenina"]
[Site "Batumi GEO"]
[Date "2018.09.30"]
[Round "6.4"]
[White "Mbatha, Constance"]
[Black "Sitoe, Cheila Andre"]
[Result "0-1"]
[WhiteElo "1734"]
[BlackElo "1545"]
[PlyCount "112"]
[EventDate "2018.09.24"]
[EventType "team-swiss"]
[EventRounds "11"]
[EventCountry "GEO"]
[SourceTitle "Ajedrez en Madrid"]
[Source "lmi"]
[SourceDate "2018.09.24"]
[WhiteTeam "Zambia"]
[BlackTeam "Mozambique"]
[WhiteTeamCountry "ZAM"]
[BlackTeamCountry "MOZ"]

1. d4 d5 2. c4 c6 3. Nc3 Nf6 4. e3 e6 5. Nf3 Be7 6. Be2 O-O 7. O-O Qc7 8. Bd2
Nbd7 9. Rc1 Re8 10. cxd5 exd5 11. a3 Nf8 12. Bd3 Bg4 13. Be2 Bd6 14. g3 Ng6 15.
Ne1 Bh3 16. Ng2 Re7 17. Re1 Rae8 18. b4 a6 19. Bf3 Qd7 20. Ne2 h5 21. Nef4 Bxf4
22. Nxf4 Nxf4 23. gxf4 Bg4 24. Kh1 Qf5 25. Bxg4 Nxg4 26. Qe2 Qxf4 27. f3 Nxe3
28. Qf2 Qxd4 29. Bc3 Qf4 30. Rg1 g6 31. Bd2 Qf5 32. Qg3 Re6 33. Bc3 Nc4 34.
Rce1 Rxe1 35. Rxe1 Rxe1+ 36. Bxe1 Ne5 37. Kg2 Kh7 38. Bd2 b6 39. a4 c5 40. a5
bxa5 41. bxc5 d4 42. Qf2 a4 43. Bb4 Qg5+ 44. Kf1 Qc1+ 45. Kg2 Qc4 46. Qd2 Nd3
47. Ba3 Nxc5 48. Bc1 Nd3 49. Qh6+ Kg8 50. Bg5 Qc6 51. Be7 Ne1+ 52. Kf2 Qxf3+
53. Kxe1 Qe4+ 54. Kd1 Qxe7 55. Qf4 d3 56. Qf3 Qe2+ 0-1

[Event "43. Olimpiada Batumi 2018 Femenina"]
[Site "Batumi GEO"]
[Date "2018.09.30"]
[Round "6.1"]
[White "Atikankhotchasee, Manunthon"]
[Black "Jambo, Linda"]
[Result "1-0"]
[WhiteElo "1667"]
[BlackElo "1482"]
[PlyCount "41"]
[EventDate "2018.09.24"]
[EventType "team-swiss"]
[EventRounds "11"]
[EventCountry "GEO"]
[SourceTitle "Ajedrez en Madrid"]
[Source "lmi"]
[SourceDate "2018.09.24"]
[WhiteTeam "Thailand"]
[BlackTeam "Malawi"]
[WhiteTeamCountry "THA"]
[BlackTeamCountry "MWI"]

1. e4 e5 2. Nf3 Nc6 3. d4 exd4 4. Nxd4 Nxd4 5. Qxd4 d6 6. Bc4 Qf6 7. Qd3 Be7 8.
Nc3 Qg6 9. g3 Nf6 10. Bd2 Be6 11. O-O-O O-O-O 12. f3 Bxc4 13. Qxc4 Nd7 14. Nd5
Kb8 15. Qxc7+ Ka8 16. Nxe7 Qf6 17. Nd5 Qxf3 18. Qxd6 Qxe4 19. Nc7+ Kb8 20. Na6+
Ka8 21. Qb8+ 1-0

[Event "43. Olimpiada Batumi 2018 Femenina"]
[Site "Batumi GEO"]
[Date "2018.09.30"]
[Round "6.2"]
[White "Nkhoma, Desiderata"]
[Black "Chuemsakul, Sarocha"]
[Result "0-1"]
[WhiteElo "1502"]
[BlackElo "1620"]
[PlyCount "80"]
[EventDate "2018.09.24"]
[EventType "team-swiss"]
[EventRounds "11"]
[EventCountry "GEO"]
[SourceTitle "Ajedrez en Madrid"]
[Source "lmi"]
[SourceDate "2018.09.24"]
[WhiteTeam "Malawi"]
[BlackTeam "Thailand"]
[WhiteTeamCountry "MWI"]
[BlackTeamCountry "THA"]

1. e4 c5 2. Nf3 d6 3. h3 Nf6 4. Nc3 e6 5. d4 cxd4 6. Nxd4 a6 7. Bd3 Be7 8. O-O
Qc7 9. a4 Nc6 10. Nxc6 bxc6 11. Be3 d5 12. Bg5 O-O 13. Re1 h6 14. Bh4 Re8 15.
Qe2 Nxe4 16. Bxe7 Nxc3 17. bxc3 Rxe7 18. c4 Bb7 19. cxd5 cxd5 20. Qg4 e5 21.
Ra2 e4 22. Bf1 Re5 23. h4 Qe7 24. g3 f5 25. Qg6 Rf8 26. Qb6 Re6 27. Qd4 f4 28.
c4 e3 29. fxe3 Re4 30. Qd2 fxe3 31. Qc1 d4 32. Bg2 Rg4 33. Bxb7 Qxb7 34. Rg2
Rf3 35. Ree2 Rfxg3 36. Qf1 d3 37. Rxg3 Rxg3+ 38. Kh2 dxe2 39. Qxe2 Qf3 40. Qb2
Rh3+ 0-1

[Event "43. Olimpiada Batumi 2018 Femenina"]
[Site "Batumi GEO"]
[Date "2018.09.30"]
[Round "6.3"]
[White "Prommuang, Araya"]
[Black "Mpinganjira, Ellen"]
[Result "1-0"]
[WhiteElo "1495"]
[BlackElo "1412"]
[PlyCount "81"]
[EventDate "2018.09.24"]
[EventType "team-swiss"]
[EventRounds "11"]
[EventCountry "GEO"]
[SourceTitle "Ajedrez en Madrid"]
[Source "lmi"]
[SourceDate "2018.09.24"]
[WhiteTeam "Thailand"]
[BlackTeam "Malawi"]
[WhiteTeamCountry "THA"]
[BlackTeamCountry "MWI"]

1. d4 c5 2. Nf3 cxd4 3. Nxd4 e6 4. Bf4 Nc6 5. Nxc6 bxc6 6. e3 Nf6 7. Bd3 Be7 8.
O-O O-O 9. Nc3 Bb7 10. Rb1 d6 11. b4 e5 12. Bg3 Qc7 13. a4 Rab8 14. a5 a6 15.
Qe2 Ra8 16. Na4 Rfb8 17. Nb6 Ra7 18. c4 Nd7 19. Nxd7 Qxd7 20. Rfd1 Qe6 21. c5
dxc5 22. bxc5 Bxc5 23. Bxa6 Bxa6 24. Rxb8+ Bf8 25. Rdd8 g6 26. Rxf8+ Kg7 27.
Qb2 f6 28. Rg8+ Kh6 29. Qc1 Qc4 30. Qxc4 Bxc4 31. Ra8 Rd7 32. Rgd8 Rb7 33. h3
c5 34. a6 Rb6 35. a7 Ra6 36. Rd7 Be6 37. Re7 Bd5 38. Rh8 c4 39. Rhxh7+ Kg5 40.
f4+ exf4 41. Bxf4+ 1-0

[Event "43. Olimpiada Batumi 2018 Femenina"]
[Site "Batumi GEO"]
[Date "2018.09.30"]
[Round "6.4"]
[White "Ngugama, Magret"]
[Black "Buhagiar, Melita Sunan"]
[Result "1-0"]
[WhiteElo "1306"]
[BlackElo "1378"]
[PlyCount "81"]
[EventDate "2018.09.24"]
[EventType "team-swiss"]
[EventRounds "11"]
[EventCountry "GEO"]
[SourceTitle "Ajedrez en Madrid"]
[Source "lmi"]
[SourceDate "2018.09.24"]
[WhiteTeam "Malawi"]
[BlackTeam "Thailand"]
[WhiteTeamCountry "MWI"]
[BlackTeamCountry "THA"]

1. e4 c5 2. Nf3 d6 3. h3 Nc6 4. Bc4 Nf6 5. d3 e6 6. Bb5 Bd7 7. O-O Be7 8. Nc3
O-O 9. a3 a6 10. Bxc6 Bxc6 11. b3 Rc8 12. Bb2 Qc7 13. Re1 Rfd8 14. Ne2 h6 15.
Ng3 b5 16. c4 d5 17. cxd5 exd5 18. e5 Nd7 19. Nf5 Bf8 20. d4 g6 21. Ng3 cxd4
22. Qxd4 Bc5 23. Qg4 d4 24. e6 Nf6 25. exf7+ Kxf7 26. Ne5+ Kf8 27. Qxg6 Qg7 28.
Qxg7+ Kxg7 29. Nf5+ Kh7 30. Bc1 Re8 31. Bxh6 Bb7 32. Bg5 Ne4 33. Bf4 Rf8 34. g4
Rcd8 35. Nd3 Bb6 36. f3 Nc5 37. Re7+ Kh8 38. Be5+ Kg8 39. Rg7+ Kh8 40. Rxb7+
Kg8 41. Nh6# 1-0

[Event "43. Olimpiada Batumi 2018 Femenina"]
[Site "Batumi GEO"]
[Date "2018.09.30"]
[Round "6.1"]
[White "Namaganda, Christine"]
[Black "Kovacova, Zuzana"]
[Result "0-1"]
[WhiteElo "1581"]
[BlackElo "2079"]
[PlyCount "66"]
[EventDate "2018.09.24"]
[EventType "team-swiss"]
[EventRounds "11"]
[EventCountry "GEO"]
[SourceTitle "Ajedrez en Madrid"]
[Source "lmi"]
[SourceDate "2018.09.24"]
[WhiteTeam "Uganda"]
[BlackTeam "Bermuda"]
[WhiteTeamCountry "UGA"]
[BlackTeamCountry "BER"]

1. d4 d5 2. Nf3 Nf6 3. Bf4 c5 4. e3 Nc6 5. c3 Qb6 6. Qb3 c4 7. Qc2 Bf5 8. Qc1
h6 9. h4 e6 10. Be2 Be7 11. Nbd2 Qd8 12. Qd1 O-O 13. Ne5 Nxe5 14. dxe5 Ne4 15.
h5 b5 16. a3 a5 17. O-O Qb6 18. g4 Bh7 19. Nf3 b4 20. axb4 axb4 21. cxb4 Qxb4
22. Nd4 Qxb2 23. Rxa8 Rxa8 24. Qb1 Qxb1 25. Rxb1 Nxf2 26. Rb7 Nh3+ 27. Kh2 Nxf4
28. exf4 Bc5 29. Nc6 Be4 30. Rb8+ Rxb8 31. Nxb8 c3 32. Bd1 c2 33. Bxc2 Bxc2 0-1

[Event "43. Olimpiada Batumi 2018 Femenina"]
[Site "Batumi GEO"]
[Date "2018.09.30"]
[Round "6.2"]
[White "Cancino, Shiela"]
[Black "Nakabo, Peninah"]
[Result "0-1"]
[WhiteElo "1456"]
[BlackElo "1581"]
[PlyCount "96"]
[EventDate "2018.09.24"]
[EventType "team-swiss"]
[EventRounds "11"]
[EventCountry "GEO"]
[SourceTitle "Ajedrez en Madrid"]
[Source "lmi"]
[SourceDate "2018.09.24"]
[WhiteTeam "Bermuda"]
[BlackTeam "Uganda"]
[WhiteTeamCountry "BER"]
[BlackTeamCountry "UGA"]

1. d4 d5 2. Nf3 Nf6 3. Bf4 c5 4. e3 Nc6 5. c4 Qb6 6. b3 Bf5 7. a3 Rd8 8. Bd3
Bxd3 9. Qxd3 dxc4 10. bxc4 cxd4 11. O-O dxe3 12. Qxe3 Qxe3 13. Bxe3 e6 14. c5
Nd5 15. Rc1 Nxe3 16. fxe3 Rd5 17. Nbd2 Bxc5 18. Kf2 O-O 19. Ne4 Be7 20. Rab1
Rd7 21. Nc5 Bxc5 22. Rxc5 f6 23. Ke2 Kf7 24. a4 Rfd8 25. a5 Ne7 26. e4 e5 27.
Rbc1 b6 28. axb6 axb6 29. Rc7 Ke6 30. g4 Rxc7 31. Rxc7 Rd7 32. Rc3 b5 33. g5 b4
34. Rb3 Nc6 35. h4 Nd4+ 36. Nxd4+ Rxd4 37. Ke3 f5 38. exf5+ Kxf5 39. Rb1 Rxh4
40. Rf1+ Kxg5 41. Rg1+ Rg4 42. Rxg4+ Kxg4 43. Ke4 b3 44. Kxe5 b2 45. Ke4 b1=Q+
46. Ke3 Qb4 47. Kf2 Qd2+ 48. Kf1 Kg3 0-1

[Event "43. Olimpiada Batumi 2018 Femenina"]
[Site "Batumi GEO"]
[Date "2018.09.30"]
[Round "6.1"]
[White "Joshi, Sindira"]
[Black "Faqeeh, Rahaf"]
[Result "0-1"]
[WhiteElo "1584"]
[BlackElo "1400"]
[PlyCount "134"]
[EventDate "2018.09.24"]
[EventType "team-swiss"]
[EventRounds "11"]
[EventCountry "GEO"]
[SourceTitle "Ajedrez en Madrid"]
[Source "lmi"]
[SourceDate "2018.09.24"]
[WhiteTeam "Nepal"]
[BlackTeam "Palestine"]
[WhiteTeamCountry "NEP"]
[BlackTeamCountry "PLE"]

1. e4 e6 2. d4 d5 3. Nc3 Nf6 4. Bg5 Be7 5. e5 Nfd7 6. Bxe7 Qxe7 7. f4 c5 8. Nf3
Nc6 9. Nb5 O-O 10. Nd6 f6 11. c3 a6 12. Be2 fxe5 13. fxe5 cxd4 14. cxd4 Nb6 15.
O-O Rb8 16. Qd2 Bd7 17. Rf2 Nc8 18. Nxc8 Rbxc8 19. a3 Rf7 20. Raf1 Rcf8 21. Qe3
h6 22. Qb3 b5 23. Qc3 b4 24. axb4 Qxb4 25. Bxa6 Rb8 26. Bd3 Na5 27. h3 Nc4 28.
Bxc4 dxc4 29. Ne1 Rxf2 30. Rxf2 Qxc3 31. bxc3 Rb1 32. Kf1 Be8 33. Ra2 Bg6 34.
Kf2 Rc1 35. Ra8+ Kh7 36. Ra3 Be4 37. Nf3 Bc2 38. Nd2 Bb3 39. Nxb3 Rxc3 40. d5
cxb3 41. d6 b2 42. Rxc3 b1=Q 43. Re3 Qb2+ 44. Kf3 Qd4 45. Re4 Qd5 46. h4 Kg8
47. Ke3 Kf7 48. g4 g5 49. h5 Ke8 50. Rd4 Qxe5+ 51. Kd3 Kd7 52. Re4 Kxd6 53.
Rxe5 Kxe5 54. Ke3 Kd5 55. Kd3 e5 56. Ke3 e4 57. Ke2 Kd4 58. Kd2 e3+ 59. Ke1 Ke4
60. Ke2 Kf4 61. Ke1 Kxg4 62. Ke2 Kf4 63. Ke1 Kf3 64. Kf1 g4 65. Ke1 g3 66. Kf1
e2+ 67. Ke1 g2 0-1

[Event "43. Olimpiada Batumi 2018 Femenina"]
[Site "Batumi GEO"]
[Date "2018.09.30"]
[Round "6.2"]
[White "Albzoor, Anwar"]
[Black "Lohani, Sujana"]
[Result "0-1"]
[WhiteElo "1595"]
[BlackElo "1537"]
[PlyCount "70"]
[EventDate "2018.09.24"]
[EventType "team-swiss"]
[EventRounds "11"]
[EventCountry "GEO"]
[SourceTitle "Ajedrez en Madrid"]
[Source "lmi"]
[SourceDate "2018.09.24"]
[WhiteTeam "Palestine"]
[BlackTeam "Nepal"]
[WhiteTeamCountry "PLE"]
[BlackTeamCountry "NEP"]

1. Nf3 Nf6 2. c4 g6 3. Nc3 Bg7 4. g3 O-O 5. Bg2 d6 6. O-O e5 7. d3 c6 8. Rb1 h6
9. b4 Qc7 10. b5 Be6 11. Nd2 d5 12. bxc6 bxc6 13. cxd5 cxd5 14. Nb5 Qd7 15. Nc4
Nc6 16. Nd2 a6 17. Na3 Rab8 18. Nb3 Qd6 19. Nc2 Qc7 20. Ba3 Rfd8 21. Qd2 e4 22.
Rfc1 Qd7 23. Nc5 Qa7 24. Nb4 Nxb4 25. Bxb4 exd3 26. exd3 Bf5 27. Rb3 Ng4 28.
Ra3 Bd4 29. Rxa6 Qe7 30. h3 Bxf2+ 31. Kf1 Be3 32. Qe2 Nh2+ 33. Ke1 Rxb4 34. Nb3
Re8 35. Bxd5 Bf2+ 0-1

[Event "43. Olimpiada Batumi 2018 Femenina"]
[Site "Batumi GEO"]
[Date "2018.09.30"]
[Round "6.3"]
[White "Khamboo, Monalisha"]
[Black "Faqeeh, Yara"]
[Result "1-0"]
[WhiteElo "1704"]
[BlackElo "1451"]
[PlyCount "187"]
[EventDate "2018.09.24"]
[EventType "team-swiss"]
[EventRounds "11"]
[EventCountry "GEO"]
[SourceTitle "Ajedrez en Madrid"]
[Source "lmi"]
[SourceDate "2018.09.24"]
[WhiteTeam "Nepal"]
[BlackTeam "Palestine"]
[WhiteTeamCountry "NEP"]
[BlackTeamCountry "PLE"]

1. d4 Nf6 2. Nf3 g6 3. Bf4 Bg7 4. e3 d6 5. Be2 Nbd7 6. O-O O-O 7. c4 Re8 8. Nc3
c5 9. d5 a6 10. Rc1 Qa5 11. e4 Ng4 12. h3 Nge5 13. Re1 Nxf3+ 14. Bxf3 Qb4 15.
Qb3 Qxb3 16. axb3 Ne5 17. Be2 f5 18. exf5 Bxf5 19. g4 Bd7 20. Bg5 h6 21. Bh4 g5
22. Bg3 Rf8 23. Rf1 Nf3+ 24. Bxf3 Rxf3 25. Kg2 Raf8 26. Rfe1 R3f7 27. Re2 Ra8
28. Rce1 Kf8 29. Na4 b5 30. Nb6 Ra7 31. Nxd7+ Rxd7 32. Rf1 bxc4 33. bxc4 Rb7
34. Ra1 Rb6 35. Ra2 Bf6 36. f4 Kg7 37. fxg5 hxg5 38. Be1 Rf8 39. Ba5 Rb7 40.
Bc3 Bxc3 41. bxc3 Ra7 42. Re3 a5 43. Ra4 Rf6 44. Kg3 Rh6 45. Rf3 Rf6 46. Re3
Kg6 47. Re1 Kg7 48. Rea1 Kf7 49. Rxa5 Rb7 50. Rb5 Rc7 51. Rh1 Rh6 52. h4 gxh4+
53. Rxh4 Rxh4 54. Kxh4 Ra7 55. Rb2 Ra4 56. Rf2+ Kg6 57. Rf4 Ra1 58. Rf3 Re1 59.
Kg3 Re4 60. Rf4 Re3+ 61. Kh4 Rxc3 62. Re4 Kf6 63. Re6+ Kf7 64. Re4 Kf6 65. g5+
Kf7 66. Rg4 Kg6 67. Re4 Kf7 68. Kh5 Rh3+ 69. Rh4 Rf3 70. Kh6 Kg8 71. Kg6 Rg3
72. Rh7 Re3 73. Rh4 Re5 74. Kh6 e6 75. dxe6 Rxe6+ 76. g6 Re5 77. Rf4 Re7 78.
Rf6 Rd7 79. Re6 Rd8 80. Re7 d5 81. cxd5 c4 82. Rc7 Kf8 83. Rxc4 Ke7 84. g7 Kf7
85. Rg4 Kg8 86. Rg5 Rd6+ 87. Kh5 Rd7 88. Kg4 Rxg7 89. Rxg7+ Kxg7 90. Kf5 Kf7
91. d6 Kf8 92. Kf6 Ke8 93. Ke6 Kd8 94. d7 1-0

[Event "43. Olimpiada Batumi 2018 Femenina"]
[Site "Batumi GEO"]
[Date "2018.09.30"]
[Round "6.4"]
[White "Faqeeh, Aseel"]
[Black "Thapa, Khusbu"]
[Result "1-0"]
[WhiteElo "1432"]
[BlackElo "1411"]
[PlyCount "111"]
[EventDate "2018.09.24"]
[EventType "team-swiss"]
[EventRounds "11"]
[EventCountry "GEO"]
[SourceTitle "Ajedrez en Madrid"]
[Source "lmi"]
[SourceDate "2018.09.24"]
[WhiteTeam "Palestine"]
[BlackTeam "Nepal"]
[WhiteTeamCountry "PLE"]
[BlackTeamCountry "NEP"]

1. d4 d5 2. c4 c6 3. Nc3 Nf6 4. Nf3 e6 5. e3 Be7 6. Bd3 O-O 7. O-O Nbd7 8. Qc2
h6 9. Nd2 a6 10. f4 c5 11. Ne2 b6 12. b3 Bb7 13. Bb2 Qc7 14. e4 Qc6 15. cxd5
exd5 16. e5 Nh7 17. Bxh7+ Kh8 18. Rac1 g6 19. Bxg6 fxg6 20. dxc5 Kg8 21. Nd4
Bxc5 22. Kh1 Bxd4 23. Qd3 Qe6 24. Bxd4 Rae8 25. Rf3 Rf7 26. Rcf1 Ref8 27. R1f2
Nc5 28. Qe3 Nd7 29. Nf1 b5 30. Ng3 Kh7 31. Qd3 Kg8 32. f5 gxf5 33. Nxf5 Bc8 34.
Nd6 Rxf3 35. Rxf3 Rxf3 36. Qxf3 Nf8 37. Nxc8 Qxc8 38. Qf6 Qe6 39. Qf3 Qf7 40.
Qg4+ Kh7 41. h3 Ne6 42. a4 bxa4 43. bxa4 h5 44. Qd1 Qf4 45. Qxh5+ Kg7 46. Bb2
Qf1+ 47. Kh2 Qf4+ 48. Kg1 Qxa4 49. Qf3 Qc4 50. Qf6+ Kg8 51. Qxe6+ Kh7 52. Qf7+
Kh6 53. e6 Qc5+ 54. Kh1 Qe3 55. Qf6+ Kh7 56. Qg7# 1-0

[Event "43. Olimpiada Batumi 2018 Femenina"]
[Site "Batumi GEO"]
[Date "2018.09.30"]
[Round "6.1"]
[White "Johnson, Daijah"]
[Black "Aishath, Alya Mohamed"]
[Result "1/2-1/2"]
[WhiteElo "1452"]
[BlackElo "1070"]
[PlyCount "72"]
[EventDate "2018.09.24"]
[EventType "team-swiss"]
[EventRounds "11"]
[EventCountry "GEO"]
[SourceTitle "Ajedrez en Madrid"]
[Source "lmi"]
[SourceDate "2018.09.24"]
[WhiteTeam "Bahamas"]
[BlackTeam "Maldives"]
[WhiteTeamCountry "BAH"]
[BlackTeamCountry "MDV"]

1. d4 c5 2. e3 e6 3. c4 d6 4. Nf3 Nd7 5. Nc3 Be7 6. Bd3 Nb6 7. O-O f5 8. dxc5
dxc5 9. e4 g6 10. Qc2 Bd7 11. Be3 Qc7 12. e5 O-O-O 13. Rac1 a6 14. h3 Rf8 15.
Qd2 h6 16. Bf4 g5 17. Bh2 Rh7 18. Ne1 Rg7 19. f4 Bc6 20. Rf2 Qd8 21. Bf1 Qxd2
22. Rxd2 gxf4 23. Bxf4 Bg5 24. Ne2 Be4 25. Rd6 Nd7 26. Bxg5 hxg5 27. Ng3 Re7
28. Nxe4 fxe4 29. g3 Nxe5 30. Bg2 Nf3+ 31. Bxf3 exf3 32. Kf2 e5 33. Rd5 b6 34.
Nd3 e4 35. Ne1 Rg7 36. Re5 Nf6 1/2-1/2

[Event "43. Olimpiada Batumi 2018 Femenina"]
[Site "Batumi GEO"]
[Date "2018.09.30"]
[Round "6.1"]
[White "Ravelomanana, Sabine"]
[Black "Ndirangu, Joyce Nyaruai"]
[Result "1-0"]
[WhiteElo "1821"]
[BlackElo "1673"]
[PlyCount "109"]
[EventDate "2018.09.24"]
[EventType "team-swiss"]
[EventRounds "11"]
[EventCountry "GEO"]
[SourceTitle "Ajedrez en Madrid"]
[Source "lmi"]
[SourceDate "2018.09.24"]
[WhiteTeam "Madagascar"]
[BlackTeam "Kenya"]
[WhiteTeamCountry "MAD"]
[BlackTeamCountry "KEN"]

1. Nf3 Nf6 2. d4 b6 3. Bf4 Bb7 4. e3 g6 5. Be2 Bg7 6. c4 O-O 7. Nc3 d6 8. h3
Nbd7 9. O-O c5 10. Rc1 Rc8 11. Re1 Nh5 12. Bh2 Bxf3 13. gxf3 cxd4 14. exd4 Bh6
15. Rc2 Ndf6 16. Bf1 Qd7 17. Ne4 Rfe8 18. Bg3 Qf5 19. b3 Nf4 20. Kh2 N6h5 21.
d5 b5 22. h4 bxc4 23. bxc4 g5 24. hxg5 Bxg5 25. Nxg5 Qxg5 26. Bd3 Kh8 27. Rg1
Rg8 28. Bf1 Nxg3 29. Rxg3 Qh5+ 30. Kg1 Rg6 31. Qd4+ Rf6 32. Bg2 Rb8 33. Rb2 Rb6
34. Rxb6 axb6 35. Kf1 Qf5 36. Qe4 Qc8 37. Kg1 Qc7 38. Rg4 Ng6 39. Bf1 Ne5 40.
Rg3 Ng6 41. Rh3 Rf4 42. Qe3 Qc5 43. Qc1 Qd4 44. Qb1 Kg7 45. Rg3 Kf6 46. Be2 h5
47. Qf1 Ne5 48. Qh3 Rh4 49. Qc8 Qa1+ 50. Bf1 Rh1+ 51. Kxh1 Qxf1+ 52. Rg1 Qxc4
53. Qh8+ Kf5 54. Qxh5+ Kf6 55. Qg5# 1-0

[Event "43. Olimpiada Batumi 2018 Femenina"]
[Site "Batumi GEO"]
[Date "2018.09.30"]
[Round "6.2"]
[White "Jumba, Gloria"]
[Black "Razafindrabiaza, Christine"]
[Result "1/2-1/2"]
[WhiteElo "1598"]
[BlackElo "1668"]
[PlyCount "100"]
[EventDate "2018.09.24"]
[EventType "team-swiss"]
[EventRounds "11"]
[EventCountry "GEO"]
[SourceTitle "Ajedrez en Madrid"]
[Source "lmi"]
[SourceDate "2018.09.24"]
[WhiteTeam "Kenya"]
[BlackTeam "Madagascar"]
[WhiteTeamCountry "KEN"]
[BlackTeamCountry "MAD"]

1. d4 d5 2. Nf3 Nf6 3. g3 e6 4. Bg2 Bd6 5. O-O O-O 6. Nbd2 c5 7. c3 Nc6 8. Re1
cxd4 9. cxd4 h6 10. b3 e5 11. dxe5 Nxe5 12. Bb2 Re8 13. Nd4 a6 14. a3 Rb8 15.
N2f3 Bg4 16. Nxe5 Bxe5 17. Qd3 Qb6 18. e3 Rbd8 19. b4 Bh5 20. Rac1 Bg6 21. Qb3
Be4 22. f3 Bg6 23. Bf1 Qd6 24. f4 Bxd4 25. exd4 Be4 26. b5 Rc8 27. a4 Qe6 28.
Rxc8 Rxc8 29. Rc1 Re8 30. bxa6 bxa6 31. a5 Qd6 32. Ba3 Qe6 33. h3 Qf5 34. Kh2
Qh5 35. Re1 Rc8 36. Bc5 Qg6 37. Re3 Nh5 38. Bd3 Re8 39. Bf1 Qf6 40. Bd3 Qg6 41.
Bxe4 Rxe4 42. Qd3 Rxe3 43. Qxe3 Qc2+ 44. Kg1 Nf6 45. Bb6 Ne4 46. f5 Qd1+ 47.
Kg2 Qc2+ 48. Kg1 Qd1+ 49. Kg2 Qc2+ 50. Kg1 Qd1+ 1/2-1/2

[Event "43. Olimpiada Batumi 2018 Femenina"]
[Site "Batumi GEO"]
[Date "2018.09.30"]
[Round "6.3"]
[White "Andriantsiferana, Irina"]
[Black "Mwikali, Daphne"]
[Result "1-0"]
[WhiteElo "1540"]
[BlackElo "1481"]
[PlyCount "99"]
[EventDate "2018.09.24"]
[EventType "team-swiss"]
[EventRounds "11"]
[EventCountry "GEO"]
[SourceTitle "Ajedrez en Madrid"]
[Source "lmi"]
[SourceDate "2018.09.24"]
[WhiteTeam "Madagascar"]
[BlackTeam "Kenya"]
[WhiteTeamCountry "MAD"]
[BlackTeamCountry "KEN"]

1. e4 e5 2. Nf3 d6 3. d4 exd4 4. Nxd4 Nf6 5. Nc3 Be7 6. Bd3 Bd7 7. Bf4 Nc6 8.
Bb5 Ne5 9. Bxd7+ Qxd7 10. Bxe5 dxe5 11. Nf5 g6 12. Qxd7+ Nxd7 13. Nxe7 Kxe7 14.
O-O-O c6 15. Rd2 Rad8 16. Rhd1 Nc5 17. b4 Ne6 18. a4 Rxd2 19. Rxd2 Rd8 20. Rxd8
Nxd8 21. Kd2 Ke6 22. Ke3 f5 23. f4 Nf7 24. exf5+ Kxf5 25. fxe5 Kxe5 26. Ne4 b6
27. h3 Kd5 28. Nd2 Ne5 29. Kf4 Nc4 30. Nb3 Na3 31. Kg5 Nxc2 32. b5 cxb5 33.
axb5 Na3 34. Kh6 Ke5 35. Kxh7 Kf6 36. Nd4 g5 37. Kh6 Nxb5 38. Nxb5 a5 39. Nc3
Kf5 40. g4+ Ke5 41. Kxg5 Kd4 42. Kf5 Kxc3 43. g5 a4 44. g6 a3 45. g7 a2 46.
g8=Q Kb2 47. Qg7+ Kb1 48. Qg1+ Kb2 49. Qxb6+ Kc1 50. Qa5 1-0

[Event "43. Olimpiada Batumi 2018 Femenina"]
[Site "Batumi GEO"]
[Date "2018.09.30"]
[Round "6.4"]
[White "Mongeli, Sasha"]
[Black "Razafimahefa, Lalaina Vololona"]
[Result "1-0"]
[WhiteElo "1499"]
[BlackElo "1442"]
[PlyCount "109"]
[EventDate "2018.09.24"]
[EventType "team-swiss"]
[EventRounds "11"]
[EventCountry "GEO"]
[SourceTitle "Ajedrez en Madrid"]
[Source "lmi"]
[SourceDate "2018.09.24"]
[WhiteTeam "Kenya"]
[BlackTeam "Madagascar"]
[WhiteTeamCountry "KEN"]
[BlackTeamCountry "MAD"]

1. e4 d6 2. d4 Nf6 3. Nc3 g6 4. Nf3 Bg4 5. Be2 Bxf3 6. Bxf3 c6 7. Be3 Bg7 8.
Qd2 O-O 9. O-O Qc7 10. Bh6 Nbd7 11. Bxg7 Kxg7 12. Rfe1 e5 13. Ne2 b5 14. a4 a6
15. Ra3 exd4 16. Qxd4 c5 17. Qd2 Ne5 18. b3 b4 19. Raa1 a5 20. Nf4 Nxf3+ 21.
gxf3 Rad8 22. Nd5 Nxd5 23. Qxd5 Qe7 24. Rad1 Qf6 25. Re3 Rfe8 26. Qc4 Re5 27.
Rd5 Rg5+ 28. Rxg5 Qxg5+ 29. Kh1 h5 30. Qb5 h4 31. h3 f5 32. Qxa5 fxe4 33. Qc7+
Kh6 34. Rxe4 Rf8 35. Re3 Rf5 36. Qe7 Qf4 37. Qe4 Qxe4 38. Rxe4 Rxf3 39. Rxh4+
Kg5 40. Rg4+ Kf5 41. Kg2 Rc3 42. Rc4 Ke6 43. Rxc3 bxc3 44. Kf3 d5 45. Kf4 d4
46. Ke4 Kd6 47. f4 Ke6 48. h4 Kd6 49. b4 Kc6 50. bxc5 Kxc5 51. Kd3 Kb4 52. Kxd4
Kxa4 53. Kxc3 Kb5 54. Kd4 Kc6 55. c4 1-0